Dilapidations update 1998 (sound recording). (Record no. 85363)

MARC details
000 -LEADER
fixed length control field 01117cgm a2200313 4500
001 - CONTROL NUMBER
control field J92227
008 - FIXED-LENGTH DATA ELEMENTS--GENERAL INFORMATION
fixed length control field 090401t1998 xxu||||| |||| 00| 0 eng d
035 ## - SYSTEM CONTROL NUMBER
System control number (Sirsi) u86740
041 ## - LANGUAGE CODE
Language code of text/sound track or separate title eng
050 ## - LIBRARY OF CONGRESS CALL NUMBER
Classification number 346.410434
100 ## - MAIN ENTRY--PERSONAL NAME
Personal name Hollis, Malcolm
245 ## - TITLE STATEMENT
Title Dilapidations update 1998 (sound recording).
260 ## - PUBLICATION, DISTRIBUTION, ETC.
Place of publication, distribution, etc. London
Name of publisher, distributor, etc. RICS
Date of publication, distribution, etc. 1998
300 ## - PHYSICAL DESCRIPTION
Extent 1 sound cassette (60 min.)
350 ## - PRICE (NR) (BK AM CF MU VM SE) [OBSOLETE]
Price 14.1
490 ## - SERIES STATEMENT
Series statement Owlion Audio Programme
520 ## - SUMMARY, ETC.
Summary, etc. Considers the progress of dilapidations since 1996 and should be listened to in conjunction with the tape Dilapidations 1996. Concentrates on the latest developments and provides practical tips to assist practitioners in this important area of landlord and tenant relations.
650 ## - SUBJECT ADDED ENTRY--TOPICAL TERM
Topical term or geographic name entry element AUDIO CASSETTES
650 ## - SUBJECT ADDED ENTRY--TOPICAL TERM
Topical term or geographic name entry element Dilapidations
9 (RLIN) 6235
690 ## - LOCAL SUBJECT ADDED ENTRY--TOPICAL TERM (OCLC, RLIN)
Topical term or geographic name as entry element Landlord and tenant
9 (RLIN) 6252
700 ## - ADDED ENTRY--PERSONAL NAME
Personal name Day, Alan
700 ## - ADDED ENTRY--PERSONAL NAME
Personal name Shapiro, Eric F.
700 ## - ADDED ENTRY--PERSONAL NAME
Personal name Woodman, John
700 ## - ADDED ENTRY--PERSONAL NAME
Personal name McIntosh, Milton
710 ## - ADDED ENTRY--CORPORATE NAME
Corporate name or jurisdiction name as entry element Royal Institution of Chartered Surveyors
9 (RLIN) 4900
710 ## - ADDED ENTRY--CORPORATE NAME
Corporate name or jurisdiction name as entry element College of Estate Management
9 (RLIN) 400
942 ## - ADDED ENTRY ELEMENTS (KOHA)
Suppress in OPAC 0
948 ## - LOCAL PROCESSING INFORMATION (OCLC); SERIES PART DESIGNATOR (RLIN)
c (OCLC) 09/06/1998
Holdings
Withdrawn status Lost status Source of classification or shelving scheme Damaged status Not for loan Home library Current library Shelving location Date acquired Cost, normal purchase price Total Checkouts Full call number Barcode Date last seen Date last checked out Copy number Cost, replacement price Price effective from Koha item type
    Dewey Decimal Classification     London London Basement 26/07/2002 15.00 19 SHELF 330 30066321 06/08/2019 21/06/2005 1 15.00 06/08/2019 Audio